000 00572nam a22001817a 4500
005 20251108164051.0
008 250721s1990 xx 000 0 ara d
082 1 4 _a153.1/عما
100 1 _aعبده، عماد إبراهيم
245 1 0 _aذاكرتك كيف تعمل و كيف تستخدمها بكفاءة /
264 1 _aعمان :
_bدار النبراس للنشر و التوزيع،
_c1990.
300 _a110ص
650 1 7 _aالذاكرة
650 1 7 _aعلم النفس
700 1 _aاليحيى، لميس فؤاد
942 _2ddc
_cBK
999 _c2754
_d2754